| 000 | 01190nam a2200229Ia 4500 | ||
|---|---|---|---|
| 001 | L890-39652 | ||
| 003 | IT-CnALBA | ||
| 008 | 170116s9999||||xx |||||||||||||| ||und|| | ||
| 040 |
_aIT-CnALBA _cIT-CnALBA |
||
| 041 | _aITALIANO | ||
| 100 | _aPUGLIARES MATTEO | ||
| 245 | 0 | _aIL DIO OSCURO E ALTRI RACCONTI. | |
| 250 | _a1a ed. | ||
| 260 |
_aFIRENZE _bL'AUTORE LIBRI _c1997 [1° Ed.:1997 - Ed.Ling.Originale: 1997] |
||
| 300 | _a50 p. | ||
| 500 | _aLUCIDA CONSAPEVOLEZZA DEI LIMITI UMANI. STRUGGENTE DESIDERIO DI EVASIONE DALLA SOLITUDINE. PENSIERI PERDUTI. IL CORSO DELLA VITA. LE NOTE DELLE FATE. PANORAMICA. L'APPUNTAMENTO. LE SCARPE ROSSE. LA ROSA BIANCA. BIRILLI. LA FOGLIA. LUDOVICO IL GOBBO. FOTOG | ||
| 501 | _aSocietà San Paolo EM - Piazza San Paolo, 14 - 12051 ALBA (CN) (non commercial uses only) ® Copyright 2017 | ||
| 520 | _aLUCIDA CONSAPEVOLEZZA DEI LIMITI UMANI. STRUGGENTE DESIDERIO DI EVASIONE DALLA SOLITUDINE. PENSIERI PERDUTI. IL CORSO DELLA VITA. LE NOTE DELLE FATE. PANORAMICA. L'APPUNTAMENTO. LE SCARPE ROSSE. LA ROSA BIANCA. BIRILLI. LA FOGLIA. LUDOVICO IL GOBBO. FOTOG | ||
| 650 | _aLETTERATURE IN ALTRE LINGUE | ||
| 942 | _cBK | ||
| 957 | _71 | ||
| 999 |
_a44607 _bNO _g Copie: 1 _c298637 _d298637 |
||